000 00309nam a22001337a 4500
008 230418b ||||| |||| 00| 0 eng d
041 _aSERBISHT
080 _22000
_a61
082 _a61ADA
100 _a5
101 _aMJEKSI
245 _a4 KRVNE GRUPE ZA 4 NACINA PREHRANE
_cADAMO.D.J.P
942 _2udc
_cBK
999 _c59573
_d59573